MARC

LEADER 00000nam0a2200000 4500
001 40007
005 20231031012008.0
035 |a (RuTPU)RU\TPU\book\40913 
090 |a 40007 
100 |a 20020416d1968 k y0rusy50 ca 
101 1 |a rus  |c eng 
102 |a RU 
105 |a a z 001zy 
200 1 |a Вводный курс теории вероятностей и математической статистики  |e пер. с англ.  |f Ю. Нейман 
210 |a Москва  |c Наука  |d 1968 
215 |a 448 с.  |c черт. 
320 |a Библиогр. в конце глав 
320 |a Указ. имен: с. 444-445 
320 |a Предм. указ.: с. 446-448 
610 1 |a математика 
610 1 |a теория вероятностей 
610 1 |a математическая статистика 
610 1 |a генетика 
610 1 |a наследственность 
610 1 |a поколения 
610 1 |a вероятностные задачи 
610 1 |a случайные переменные 
610 1 |a гипергеометрическое распределение 
610 1 |a теорема Лапласа 
610 1 |a статистические гипотезы 
610 1 |a критерии 
675 |a 519.2  |v 3 
700 1 |a Нейман  |b Ю. 
801 1 |a RU  |b 63413507  |c 20020416  |g PSBO 
801 2 |a RU  |b 63413507  |c 20150205  |g PSBO 
942 |c BK